00356nam a22001337a 450000500170000000800410001704100120005808200130007010000120008324500390009526000340013430000290016865000250019720240820075827.0240820b |||||||| |||| 00| 0 eng d aEnglish a349 LAW  lEnglish aThe Law Reports: Probate Division  aLondon: bThe Council, c1968 biv, 785 pages; c25 cm.  aLegal practice bLaw